LEADER 02811oam 2200601I 450 001 9910458964003321 005 20200520144314.0 010 $a0-429-19605-9 010 $a1-4200-1809-4 024 7 $a10.1201/b10435 035 $a(CKB)2560000000059073 035 $a(EBL)665562 035 $a(OCoLC)708566103 035 $a(SSID)ssj0000467610 035 $a(PQKBManifestationID)11286840 035 $a(PQKBTitleCode)TC0000467610 035 $a(PQKBWorkID)10489876 035 $a(PQKB)10828907 035 $a(MiAaPQ)EBC665562 035 $a(Au-PeEL)EBL665562 035 $a(CaPaEBR)ebr10444355 035 $a(CaONFJC)MIL741351 035 $a(OCoLC)701051476 035 $a(EXLCZ)992560000000059073 100 $a20180420d2011 uy 0 101 0 $aeng 135 $aur|n|---||||| 181 $ctxt 182 $cc 183 $acr 200 10$aChemistry of pyrotechnics $ebasic principles and theory /$fJohn A. Conkling & Chris Mocella 205 $a2nd ed. 210 1$aBoca Raton, Fla. :$cCRC Press,$d2011. 215 $a1 online resource (234 p.) 300 $aDescription based upon print version of record. 311 $a1-336-10065-6 311 $a1-57444-740-8 320 $aIncludes bibliographical references. 327 $aFront Cover; Contents; Preface to the Second Edition-2010; Preface to the First Edition-1985; Chapter 1: Introduction; Chapter 2: Basic Chemical Principles; Chapter 3: Components of High-Energy Mixtures; Chapter 4: Pyrotechnic Principles; Chapter 5: Ignition and Propagation; Chapter 6: Sensitivity; Chapter 7: Heat Compositions : Ignition Mixes, Delays, Thermites, and Propellants; Chapter 8: Color and Light Production; Chapter 9: Smoke and Sound; Appendix A: Obtaining Pyrotechnic Literature; Appendix B: Mixing Test Quantities of Pyrotechnic Compositions; Back Cover 330 $aChemistry of Pyrotechnics: Second Edition is simply the most definitive reference in this field. Author J.A. Conkling covers the requisite background in chemistry, thermodynamics, and light emission; introduces oxidizing agents, fuels, binders, and retardants; and then explores virtually every aspect of formulating pyrotechnics. Topics include the requirements for and preparation of high-energy mixtures, ignition and propagation, heat and delay compositions, and color and light production, including sparks, flitter, and glitter--$cProvided by publisher. 606 $aFireworks 608 $aElectronic books. 615 0$aFireworks. 676 $a662/.1 700 $aConkling$b John A.$f1943-$0927496 701 $aMocella$b Chris$0927497 801 0$bMiAaPQ 801 1$bMiAaPQ 801 2$bMiAaPQ 906 $aBOOK 912 $a9910458964003321 996 $aChemistry of pyrotechnics$92083922 997 $aUNINA LEADER 01157nam a22002531i 4500 001 991001866029707536 005 20031230144353.0 008 040407s1950 it |||||||||||||||||lat 035 $ab12835122-39ule_inst 035 $aARCHE-081474$9ExL 040 $aDip.to Scienze Storiche$bita$cA.t.i. Arché s.c.r.l. Pandora Sicilia s.r.l. 100 0 $aFridegodus$c$0187355 245 10$aFrithegodi monaci Breuiloquium vitae beati Wilfredi et Wulfstani cantoris, Narratio metrica de sancto Swithuno /$cedidit Alistair Campbell 260 $aTurici :$bin aedibus Thesauri mundi,$c1950 300 $aXI, 183 p. ;$c22 cm 440 0$aThesaurus mundi ;$v1 700 1 $aCampbell, Alistair 700 1 $aWuslfstan$c 907 $a.b12835122$b02-04-14$c16-04-04 912 $a991001866029707536 945 $aLE009 Coll. VIII, 1$g1$i2009000179646$lle009$o-$pE0.00$q-$rn$so $t0$u0$v0$w0$x0$y.i13387728$z16-04-04 996 $aFrithegodi monaci Breuiloquium vitae beati Wilfredi et Wulfstani cantoris, Narratio metrica de sancto Swithuno$9296696 997 $aUNISALENTO 998 $ale009$b16-04-04$cm$da $e-$flat$git $h0$i1